| 000 | 00561nam a22002052 4500 | ||
|---|---|---|---|
| 001 | 0000019250 | ||
| 005 | 20151217154428.0 | ||
| 008 | 101022s xx 000 0 eng d | ||
| 020 | _a0521298131 : | ||
| 040 |
_aKABU _cKABU |
||
| 100 | 1 |
_aBennett, Roy. _@0000178918 |
|
| 245 | 1 | 0 |
_aGeneral musicianship / _cRoy Bennett. |
| 250 | _a1st ed. | ||
| 260 |
_aCambridge : _bC. U. P., _c1984. |
||
| 300 | _a96 p. | ||
| 650 | 0 |
_aMusic theory. _@0000151953 |
|
| 852 | 1 | _9p1298.70 KES | |
| 908 | _a101022 | ||
| 950 | _@1 | ||
| 999 |
_c11218 _d11218 |
||